000 00652nam a2200241Ia 4500
003 OSt
005 20221007072115.0
006 a|||||r|||| 00| 0
007 ta
008 221006b |||||||| |||| 00| 0 eng d
020 _a9781352000924
024 _a45,464
037 _cTextual
040 _aFLL
_cFLL
_beng
041 _2eng
_aeng
082 _aX:95:(Z3), Q7
100 _aLAUTERBURG Dominique
_9690071
245 0 _aCore statutes on employment law 2017-18
260 _aLondon
_bPalgrave UK
_c2017
300 _avi,369p.
_ccm.
942 _hX:95:(Z3), Q7
_cTEXL
_2CC
999 _c1145214
_d1145214